Preukazovanie nárokov na daňové odpočty v roku 2014
Štyri nezdaniteľné časti základu dane, ktoré si môže daňovník uplatniť za zdaňovacie obdobie roku 2014. Podmienky, za ktorých si daňovník môže uplatniť daňové odpočty.
Gespeichert in:
| 1. Verfasser: | |
|---|---|
| Format: | Buchkapitel |
| Sprache: | Slowakisch |
| Schlagworte: | |
| Tags: |
Keine Tags, Fügen Sie das erste Tag hinzu!
|
MARC
| LEADER | 00000nla a2200000 4500 | ||
|---|---|---|---|
| 001 | 0192530 | ||
| 005 | 20240502073230.1 | ||
| 041 | 0 | |a slo | |
| 044 | |a SK | ||
| 245 | 1 | 0 | |a Preukazovanie nárokov na daňové odpočty v roku 2014 |c Marcela Rabatinová |
| 520 | |a Štyri nezdaniteľné časti základu dane, ktoré si môže daňovník uplatniť za zdaňovacie obdobie roku 2014. Podmienky, za ktorých si daňovník môže uplatniť daňové odpočty. | ||
| 610 | 2 | 0 | |a dane z príjmov |
| 610 | 2 | 0 | |a odpočet dane |
| 610 | 2 | 0 | |a základ dane |
| 610 | 2 | 0 | |a daňovníci |
| 610 | 2 | 0 | |a osoby fyzické |
| 100 | 1 | |a Rabatinová, Marcela, 1977- | |